Liste des Pokémon dinosaures et dragons avec exceptions - Statistiques

Statistiques générales
  • Ce quiz a été pris 32 fois
  • Le résultat moyen est 60 sur 104
Statistiques - réponses
N° Pokédex Pokémon % Correct
#0006 Dracaufeu
100%
#0005 Reptincel
97%
#0004 Salamèche
97%
#0148 Draco
90%
#0149 Dracolosse
90%
#0147 Minidraco
90%
#0445 Carchacrok
77%
#0610 Coupenotte
77%
#0373 Drattak
77%
#0142 Ptéra
77%
#0612 Tranchodon
77%
#0444 Carmache
73%
#0371 Draby
73%
#0621 Drakkarmin
73%
#0635 Trioxhydre
73%
#0634 Diamat
70%
#0443 Griknot
70%
#0249 Lugia
70%
#0153 Macronium
70%
#0154 Méganium
70%
#0633 Solochi
70%
#0644 Zekrom
70%
#0152 Germignon
67%
#0611 Incisache
67%
#0643 Reshiram
67%
#0697 Rexillius
67%
#0248 Tyranocif
67%
#0784 Ékaïser
63%
#0246 Embrylex
63%
#0383 Groudon
63%
#0254 Jungko
63%
#0130 Léviator
63%
#0253 Massko
63%
#0706 Muplodocus
63%
#0706 Muplodocus de Hisui
63%
#0696 Ptyranidur
63%
#0384 Rayquaza
63%
#0247 Ymphect
63%
#0782 Bébécaille
60%
#0483 Dialga
60%
#0372 Drackhaus
60%
#0780 Draïeul
60%
#0783 Écaïd
60%
#0646 Kyurem
60%
#0330 Libégon
60%
#0034 Nidoking
60%
#0031 Nidoqueen
60%
#0030 Nidorina
60%
#0033 Nidorino
60%
#0484 Palkia
60%
#0718 Zygarde
60%
#0410 Dinoclier
57%
#0699 Dragmara
57%
#0884 Duralugon
57%
#0487 Giratina
57%
#1007 Koraidon
57%
#0408 Kranidos
57%
#1008 Miraidon
57%
#0698 Amagara
53%
#0411 Bastiodon
53%
#0409 Charkos
53%
#0997 Cryodo
53%
#0799 Engloutyran
53%
#0890 Éthernatos
53%
#0996 Frigodo
53%
#0881 Galvagla
53%
#0880 Galvagon
53%
#0998 Glaivodo
53%
#0882 Hydragon
53%
#0567 Aéroptéryx
50%
#0715 Bruyverne
50%
#0886 Dispareptil
50%
#0883 Hydragla
50%
#0230 Hyporoi
50%
#0887 Lanssorien
50%
#0380 Latias
50%
#0381 Latios
50%
#0131 Lokhlass
50%
#0800 Necrozma (Ultra-Necrozma)
50%
#1019 Pomdorochi
50%
#0357 Tropius
50%
#1020 Feu-Perçant
47%
#1021 Ire-Foudre
47%
#0804 Mandrillon
47%
#1005 Rugit-Lune
47%
#0566 Arkéapti
43%
#0305 Galegon
43%
#0304 Galekid
43%
#0306 Galeking
43%
#0115 Kangourex
43%
#0841 Pomdrapi
43%
#1018 Pondralugon
43%
#1009 Serpente-Eau
43%
#0842 Dratatin
40%
#0642 Fulguris (Forme Totémique)
40%
#0967 Motorizard
40%
#0105 Ossatueur
40%
#0105 Ossatueur d'Alola
40%
#0104 Osselait
40%
#0995 Épine-de-Fer
37%
#0895 Regidrago
37%
#0993 Têtes-de-Fer
33%
#0464 Rhinastoc
27%
#0839 Monthracite
17%
Aucun quiz correspondant
Distribution des résultats
% des personnes avec chaque résultat
Percentile par nombre de réponses
Votre historique - résultats
Vous n’avez pas pris ce quiz